000 00729nas a2200277 4500
001 BR9207305
003 BR-BrBNA
005 20231205095015.0
007 ta
008 230509b bl.|||p| |||| 00| 00por d
040 _aBR-BrBNA
_bpor
_cBiblioteca Nacional de Agricultura
041 _a(Pt)
072 _aF01
100 1 _aAnon.
245 1 _aCoco, coentro, cogumelo, colza, confrei [pratica cultural]
650 _aCoco
650 _aCoentro
650 _aCogumelo Comestivel
650 _aComfrey
650 _aColza
650 _aPratica Cultural
650 _aPratico
773 0 _tGuia Rural (Brazil)
_x
_g(Dec 1991), p. 90-93
_wBR9207305
909 _a202311
_bLúcia
_c55
_dLúcia Elande
942 _2AGRIS
_n0
_cANA
999 _c148217
_d148217